000 00707nam a2200205Ii 4500
003 JO-AjNU
008 230605s9999||||xx |||||||||||||| ||und||
017 _a2012/6/2040
040 _aJO-AjNU
_bara
_erda
_cJO-AjNU
041 _aara
050 1 4 _aPR6051.L44.S4812 2012
100 3 _aعلي، طارق؛ ترجمة إبراهيم السعافين,
_eauthor
_947480
245 0 0 _aفي ظلال الرمان: رواية أندلسية
264 3 1 _aعمان: وزارة الثقافة، 2012
300 _a273ص
336 _atext
_btxt
_2rdacontent
337 _aunmediated
_bn
_2rdamedia
338 _avolume
_bnc
_2rdacarrier
650 4 _aالأدب الأندلسي - روايات مترجمة
_947481
999 _aA20730
_c24298
_d24298